000 00263nam a22001217a 4500
008 230501b |||||||| |||| 00| 0 eng d
100 _aP. Diwan
245 _aFamily Law
260 _aHaryana
_bALA
_c2005
300 _a579
546 _aEnglish
942 _2ddc
_cBK
999 _c19948
_d19948